[Event "Politicen Cup"]
[Site "Copenhagen"]
[Date "1991.??.??"]
[Round "?"]
[White "Fishbein, Alexander"]
[Black "Sorensen, Jan"]
[Result "1/2-1/2"]
[WhiteElo "2465"]
[BlackElo "2415"]

1.Nf3 Nf6 2.c4 c5 3.Nc3 g6 4.d4 cxd4 5.Nxd4 Nc6 6.e4 d6 7.Be2 Bg7 8.Be3 O-O
9.O-O Bd7 10.Qd2 Nxd4 11.Bxd4 Bc6 12.f3 a5 13.b3 Nd7 14.Be3 Nc5 15.Rab1 e6
16.Rfd1 Be5 17.Bf4 Qe7 18.Qe3 Rad8 19.Bg5 f6 20.Bh4 b6 21.a3 d5 22.cxd5 exd5
23.Nxd5 Bxd5 24.Rxd5 Rxd5 25.Bc4 Ne6 26.Bxd5 Kg7 27.Rd1 Qd6 28.Bg3 Rd8 29.Rc1 Bd4
30.Qxd4 Nxd4 31.Bxd6 Ne2+ 32.Kf1 Nxc1 33.Bc7  1/2-1/2

[Event "Copenhagen op"]
[Site "Copenhagen"]
[Date "1991.??.??"]
[Round "2"]
[White "Larsen, Flemming Bo"]
[Black "Grotnes, Nils"]
[Result "0-1"]
[WhiteElo "2300"]
[BlackElo "2300"]

1.c4 Nf6 2.Nc3 c5 3.Nf3 e6 4.e3 Nc6 5.Be2 d5 6.cxd5 Nxd5 7.Nxd5 Qxd5 8.b3 Be7
9.Bb2 O-O 10.O-O e5 11.d3 b6 12.Nd2 Bb7 13.Bf3 Qd7 14.Nc4 Bf6 15.Qe2 Rfe8
16.Rfd1 g6 17.Rac1 Rad8 18.a3 Bg7 19.Qc2 Qe6 20.Bc3 Rd7 21.b4 b5 22.Nd2 cxb4
23.axb4 Bf8 24.Qb1 a5 25.bxa5 b4 26.Ba1 Nxa5 27.d4 e4 28.Be2 Ra8 29.Bb5 Rdd8
30.Re1 Bd5 31.f3 f5 32.fxe4 fxe4 33.Rf1 Bd6 34.Ba4 b3 35.Rc5 Rdb8 36.Rxd5 Qxd5
37.Nxe4 Be7 38.Ng3 b2 39.Bxb2 Nc4 40.e4 Qe6 41.d5 Qb6+  0-1

[Event "DEN-chB"]
[Site "DEN"]
[Date "1991.??.??"]
[Round "3"]
[White "Rodgaard, John"]
[Black "Kristensen, Kaare"]
[Result "1-0"]
[WhiteElo "2350"]
[BlackElo "2245"]

1.c4 Nf6 2.Nc3 c5 3.Nf3 d5 4.cxd5 Nxd5 5.d4 e6 6.e4 Nxc3 7.bxc3 cxd4 8.cxd4 Nc6
9.Be2 Bb4+ 10.Bd2 Bxd2+ 11.Qxd2 O-O 12.O-O b6 13.d5 exd5 14.exd5 Na5 15.d6 Bg4
16.Qd4 Bxf3 17.Bxf3 Rc8 18.Rad1 Rc4 19.Qd2 Re8 20.d7 Re5 21.Rfe1 Rcc5 22.Rxe5 Rxe5
23.Rc1 Nc4 24.Rxc4 Qxd7 25.g3  1-0

[Event "DEN-chB"]
[Site "DEN"]
[Date "1991.??.??"]
[Round "3"]
[White "Pedersen, Finn"]
[Black "Thuesen, Mogens"]
[Result "0-1"]
[WhiteElo "2300"]
[BlackElo "2250"]

1.Nf3 Nf6 2.c4 e6 3.Nc3 c5 4.g3 b6 5.Bg2 Bb7 6.O-O Be7 7.Qc2 d6 8.b3 O-O
9.Bb2 Nc6 10.Rad1 Qc7 11.d4 Nxd4 12.Nxd4 Bxg2 13.Nxe6 fxe6 14.Kxg2 Qb7+ 15.e4 Rad8
16.f3 Ne8 17.Ne2 Bg5 18.Qd3 Nc7 19.f4 Be7 20.Qf3 a6 21.f5 exf5 22.exf5 Qxf3+
23.Rxf3 d5 24.Be5 Bd6 25.Bxd6 Rxd6 26.g4 Re8 27.Nf4 d4 28.Rfd3 Rd7 29.b4 g5
30.bxc5 bxc5 31.Nh5 Re2+ 32.Kf1 Rde7 33.R1d2 Re1+ 34.Kf2 Rc1 35.Rb2 Rxc4
36.Rh3 Nd5 37.f6 Rf7 38.Rb8+ Rf8 39.f7+ Kxf7 40.Rf3+ Nf4 41.Rb7+ Ke6 42.Nxf4+ gxf4
43.Ra3 Rc2+ 44.Kf3 Rxh2 45.Rxa6+ Kd5 46.Rd7+ Kc4 47.Ra4+ Kb5 48.Raa7 Kc4
49.Ra4+ Kd3 50.Rc7 Rh3+ 51.Kf2 f3 52.Rxc5 Rh2+ 53.Kf1 f2 54.Ra3+ Ke4 55.Rh5 Rg2
56.Rf5 Rxf5 57.gxf5 d3 58.Kxg2 d2 59.Ra4+ Ke3 60.Ra3+ Ke2 61.Rf3 d1=Q 62.Rxf2+ Ke3
63.Rf1 Qg4+ 64.Kh2 Ke2 65.Rg1 Qh4+ 66.Kg2 Qf2+ 67.Kh1 Qxf5 68.Rg2+ Kf3 69.Kg1 Qd5
70.Kh2 h5 71.a4 h4 72.a5 h3 73.Rg3+ Kf2 74.a6 Qe5  0-1

[Event "Dortmund op"]
[Site "Dortmund"]
[Date "1991.??.??"]
[Round "4"]
[White "Schmidt, Wlodzimierz"]
[Black "Stanisic, Ljubisa"]
[Result "1/2-1/2"]
[WhiteElo "2460"]
[BlackElo "2275"]

1.Nf3 Nf6 2.c4 g6 3.Nc3 c5 4.d4 cxd4 5.Nxd4 Nc6 6.e4 Nxd4 7.Qxd4 d6 8.Be2 Bg7
9.Bg5 O-O 10.Qd2 Be6 11.Rc1 Qa5 12.f3 Rfc8 13.b3 a6 14.Na4 Qxd2+ 15.Kxd2 Rc6
16.Be3 Nd7  1/2-1/2

[Event "Telecom op"]
[Site "Dublin"]
[Date "1991.??.??"]
[Round "?"]
[White "Suba, Mihai"]
[Black "Morris, Philip"]
[Result "0-1"]
[WhiteElo "2540"]
[BlackElo "2405"]

1.c4 c5 2.Nf3 Nf6 3.Nc3 d5 4.cxd5 Nxd5 5.d4 Nxc3 6.bxc3 g6 7.Bg5 Bg7 8.Qa4+ Nc6
9.e3 Bd7 10.Qa3 Qa5 11.Qxa5 Nxa5 12.Rb1 Rc8 13.Bd3 cxd4 14.cxd4 Rc3 15.Ke2 f6
16.Bf4 Kf7 17.h3 Rhc8 18.e4 Ra3 19.Rb2 Nc4 20.Rxb7 Rxa2+ 21.Nd2 Nxd2 22.Bxd2 Bh6
23.f4 Bxf4 24.Rxd7 Rxd2+ 25.Kf3 Bg5  0-1

[Event "Euskadi-Georgia"]
[Site "Euskadi"]
[Date "1991.??.??"]
[Round "?"]
[White "Azmaiparashvili, Zurab"]
[Black "Gallego Eraso, Francisco"]
[Result "1-0"]
[WhiteElo "2585"]
[BlackElo "2395"]

1.c4 c5 2.Nf3 Nf6 3.Nc3 e6 4.g3 b6 5.Bg2 Bb7 6.O-O Be7 7.d4 cxd4 8.Qxd4 d6
9.Bg5 a6 10.Na4 b5 11.cxb5 axb5 12.Nc3 Nc6 13.Qd3 b4 14.Nd4 d5 15.Ncb5 O-O
16.Nxc6 Bxc6 17.Rfc1 Qd7 18.Nd4 Rfc8 19.Nxc6 Rxc6 20.Rxc6 Qxc6 21.e4 dxe4
22.Bxf6 Bxf6 23.Bxe4 Qa6 24.Qb3 Rd8 25.Qxb4 g6 26.a4 Kg7 27.a5 Bd4 28.Re1 Qa7
29.Re2 e5 30.Bb7 Bc5 31.Qb5 Rd6 32.b4 Bd4 33.Kg2 Rf6 34.f3 g5 35.Be4 Qe7
36.Rc2 Rh6 37.Bd5 g4 38.fxg4 Qg5 39.Qe2 Qe7 40.b5 Qd8 41.Be4 Qxa5 42.g5 Rd6
43.Qh5 Kf8 44.Qxh7 Qxb5 45.Qh8+  1-0

[Event "FRA-chT"]
[Site "FRA"]
[Date "1991.??.??"]
[Round "?"]
[White "Sellos, Didier"]
[Black "Koch, Jean Rene"]
[Result "1/2-1/2"]
[WhiteElo "2430"]
[BlackElo "2450"]

1.Nf3 c5 2.c4 Nf6 3.Nc3 g6 4.g3 b6 5.Bg2 Bb7 6.O-O Bg7 7.a3 O-O 8.d3 d5 9.cxd5 Nxd5
10.Qb3 Nc7 11.Be3 Nc6 12.Ne4 Rb8 13.Rab1 Ne6 14.Qa4 Ncd4 15.Nxd4 cxd4 16.Bd2 h6
17.Be1 Kh7 18.Nd2 Bxg2 19.Kxg2 Qd5+ 20.f3 b5 21.Qb3 Qe5 22.Qd1 Rfc8 23.Bf2 Rc6
24.Re1 Rbc8 25.Qb3 a6 26.f4 Qc7 27.Nf3 Kg8 28.h4 h5 29.Qa2 Rc2 30.Qd5 Rc5
31.Qb3 Qc6 32.Kg1 a5 33.Qd1 a4 34.Qd2 Rc2 35.Qb4 Qc5 36.Qxc5 R8xc5 37.Kf1 Kf8
38.b3 axb3 39.Rxb3 Ra2 40.Reb1 Bf6 41.R1b2 Rxb2 42.Rxb2 Ke8 43.Rb4 Rd5 44.Kg2 Kd7
45.Nd2 Kc6 46.Kf3 Rd7 47.a4 bxa4 48.Rxa4 Nc5 49.Ra8 Bg7 50.Rc8+ Rc7 51.Rg8 Ne6
52.Ne4 f5 53.Ng5 Nxg5+ 54.hxg5 e6 55.Be1 Rd7 56.Bb4 Kd5 57.Bf8 Bxf8 58.Rxf8 Rd6
59.Re8 Rc6 60.Ra8 Rb6 61.Ra5+ Kd6 62.Ra7 Kd5  1/2-1/2

[Event "FRA-chT"]
[Site "FRA"]
[Date "1991.??.??"]
[Round "?"]
[White "Spraggett, Kevin"]
[Black "Pira, Davoud"]
[Result "1-0"]
[WhiteElo "2495"]
[BlackElo "2345"]

1.c4 c5 2.Nf3 Nf6 3.Nc3 e6 4.e3 d6 5.d4 Nbd7 6.Bd3 Be7 7.b3 b6 8.Bb2 Bb7
9.O-O O-O 10.Re1 a6 11.Rc1 Rc8 12.e4 cxd4 13.Nxd4 Qc7 14.Re3 Rfe8 15.Bb1 Bf8
16.Rh3 Qb8 17.Qd2 g6 18.Rd1 Qa8 19.f3 Rcd8 20.Nc2 Ne5 21.Ne3 Nh5 22.Ng4 Nxg4
23.fxg4 Nf6 24.g5 Nd7 25.Rf1 Ne5 26.Qf4 Rd7 27.Qh4 h5 28.gxh6 Kh7 29.Nd1 Qd8
30.Qf2 f5 31.exf5 exf5 32.Bd4 Ng4 33.Qxf5 gxf5 34.Bxf5+  1-0

[Event "FRA-chT"]
[Site "FRA"]
[Date "1991.??.??"]
[Round "?"]
[White "Adrian, Claude"]
[Black "Nemirovski, Serge"]
[Result "1-0"]
[WhiteElo "2260"]
[BlackElo "2370"]

1.Nf3 Nf6 2.c4 c5 3.Nc3 g6 4.d4 Bg7 5.g3 O-O 6.Bg2 cxd4 7.Nxd4 Nc6 8.Nc2 d6
9.O-O Bd7 10.b3 a6 11.Bd2 Rc8 12.Rc1 Na5 13.Ne3 e6 14.Ne4 Nxe4 15.Bxe4 Bc6
16.Bxc6 Nxc6 17.Bc3 b5 18.Bxg7 Kxg7 19.Qd2 bxc4 20.bxc4 Qa5 21.Rfd1 Rfd8
22.Rc3 Ne5 23.f4 Nc6 24.Qb2 f6 25.Rb3 h5 26.g4 e5 27.Rb7+ Kg8 28.Nd5 Qc5+
29.Kh1 Rf8 30.Qc2 f5 31.gxh5 Nd4 32.Ne7+ Kh8 33.Nxg6+ Kg8 34.Ne7+ Kh8 35.Qb2 Rg8
36.e4 Rce8 37.Ng6+ Rxg6 38.hxg6 Qc6 39.Rh7+ Kg8 40.Qb7 Qxe4+ 41.Qxe4 fxe4
42.fxe5 dxe5 43.Rb1 e3 44.Kg2 Rf8 45.Rf7 Rxf7 46.gxf7+ Kxf7 47.Re1 Nf5 48.Rf1 Ke6
49.Rxf5  1-0

[Event "FRA-chT"]
[Site "FRA"]
[Date "1991.??.??"]
[Round "?"]
[White "Adrian, Claude"]
[Black "Pira, Davoud"]
[Result "1/2-1/2"]
[WhiteElo "2260"]
[BlackElo "2345"]

1.c4 c5 2.Nf3 Nf6 3.Nc3 e6 4.d4 cxd4 5.Nxd4 a6 6.g3 Qc7 7.Bg5 b6 8.Bg2 Bb7
9.e4 Bb4 10.Bxf6 Bxc3+ 11.bxc3 gxf6 12.O-O d6 13.Qh5 Ke7 14.Rfe1 Nd7 15.Rad1 Rac8
16.Nf5+ exf5 17.exf5+ Ne5 18.Bxb7 Qxb7 19.f4 Qc6 20.fxe5 dxe5 21.Rd5 Rhd8
22.Rexe5+ fxe5 23.Qg5+ f6 24.Qg7+ Ke8 25.Qg8+ Ke7  1/2-1/2

[Event "FRA-ch"]
[Site "FRA"]
[Date "1991.??.??"]
[Round "8"]
[White "Haik, Aldo"]
[Black "Prie, Eric"]
[Result "1/2-1/2"]
[WhiteElo "2435"]
[BlackElo "2460"]

1.Nf3 c5 2.c4 Nf6 3.Nc3 e6 4.g3 b6 5.Bg2 Bb7 6.O-O d6 7.b3 Nbd7 8.Bb2 Be7
9.d4 cxd4 10.Qxd4 a6 11.Ng5 Bxg2 12.Kxg2 O-O 13.Rfd1 Qc7 14.Nge4 Rfd8 15.Rac1 Qb7
16.f3 Ne8 17.Ba3 Ne5 18.Nxd6 Rxd6 19.Bxd6 Nc6 20.Qf4 g5 21.Qe3 Nxd6 22.Rxd6 Bxd6
23.Qxg5+ Kf8 24.Qh6+ Kg8 25.Qg5+ Kf8 26.Qh6+ Kg8 27.Qg5+  1/2-1/2

[Event "FRA-ch"]
[Site "FRA"]
[Date "1991.??.??"]
[Round "10"]
[White "Renet, Olivier"]
[Black "Koch, Jean Rene"]
[Result "1/2-1/2"]
[WhiteElo "2485"]
[BlackElo "2455"]

1.c4 c5 2.Nf3 Nf6 3.Nc3 e6 4.e3 Nc6 5.d4 d5 6.a3 Ne4 7.Qc2 Qa5 8.Rb1 Nxc3
9.bxc3 Be7 10.Nd2 Qc7 11.cxd5 exd5 12.Bd3 h6 13.O-O O-O 14.Bb2 c4 15.Bh7+ Kh8
16.Bf5 b5 17.Rbe1 Bd6 18.h3 Ne7 19.Bxc8 Raxc8 20.f3 f5 21.Bc1 a5 22.Re2 b4
23.axb4 axb4 24.cxb4 Bxb4 25.Nb1 Rb8  1/2-1/2

[Event "Troll Masters"]
[Site "Gausdal"]
[Date "1991.??.??"]
[Round "7"]
[White "Djurhuus, Rune"]
[Black "Svensson, Bengt"]
[Result "1/2-1/2"]
[WhiteElo "2400"]
[BlackElo "2400"]

1.Nf3 c5 2.c4 Nf6 3.Nc3 e6 4.g3 Nc6 5.Bg2 d5 6.cxd5 Nxd5 7.O-O Be7 8.d4 O-O
9.Nxd5 exd5 10.Be3 c4 11.Ne5 Bf5 12.Qa4 Nxe5 13.dxe5 d4 14.Bf4 Be6 15.Bxb7 Rb8
16.Bf3 Rxb2 17.Bc1 Rb4 18.Qxa7 Rb5 19.Rd1 Bc5 20.Qa6 Qb8 21.Bf4 Rb2 22.Qa5 Rc8
23.Bc1 Rb1 24.Ba3 Rxa1 25.Rxa1 Bxa3 26.Qxa3 c3 27.Be4 Qb2 28.Qxb2 cxb2 29.Rb1 Rb8
30.Rd1 Bd5 31.Bb1 Rc8 32.Kf1 Rc1 33.Ke1 d3 34.e4 Bxe4 35.Kd2 Rc2+ 36.Ke3 Rc1
37.Kd2 Rc2+ 38.Ke3 Rc1 39.Kd2  1/2-1/2

[Event "Arnold Cup"]
[Site "Gausdal"]
[Date "1991.??.??"]
[Round "9"]
[White "Djurhuus, Rune"]
[Black "Rytshagov, Mikhail"]
[Result "1/2-1/2"]
[WhiteElo "2400"]
[BlackElo "2435"]

1.Nf3 Nf6 2.c4 c5 3.Nc3 d5 4.cxd5 Nxd5 5.g3 g6 6.Bg2 Bg7 7.Qa4+ Nc6 8.Qc4 Ndb4
9.O-O O-O 10.Qxc5 Be6 11.d3 h6 12.Qb5 Nc2 13.Rb1 a6 14.Qxb7 N2b4 15.Nd2 Rb8
16.Bxc6 Rxb7 17.Bxb7 Qb6 18.Bf3 Nxa2 19.Nxa2 Bxa2 20.Ra1 Be6 21.Nc4 Bxc4
22.dxc4 Rc8 23.Be3 Bd4 24.Bxd4 Qxd4 25.b3 Qb6 26.h4 h5 27.Ra3 a5 28.Rb1 Kg7
29.Ra4 Rc5 30.Kg2 Qd6 31.Ra2 Qd4 32.Rc2 e6 33.Bb7 Rc7 34.Bf3 Rc5 35.Bb7 Rf5
36.Bf3 Rc5 37.Bb7 Rf5 38.Bf3 Qd6 39.b4 axb4 40.Rcb2 Rc5 41.Rxb4 Qd4 42.e3 Qd3  1/2-1/2

[Event "BL2-N9091"]
[Site "Germany"]
[Date "1991.??.??"]
[Round "?"]
[White "Pritchett, Craig William"]
[Black "Fries Nielsen, Jens Ove"]
[Result "1/2-1/2"]
[WhiteElo "2355"]
[BlackElo "2395"]

1.Nf3 Nf6 2.c4 c5 3.Nc3 b6 4.g3 Bb7 5.Bg2 g6 6.O-O Bg7 7.d4 cxd4 8.Qxd4 Nc6
9.Qh4 h6 10.Nd5 Rc8 11.Bd2 Na5 12.Bxa5 bxa5 13.Rad1 Nxd5 14.cxd5 Qb6 15.b3 Qb4
16.Nd4 O-O 17.e3 e5 18.dxe6 dxe6 19.Bxb7 Qxb7 20.Rc1 Qd5 21.Rfd1 a4 22.Qg4  1/2-1/2

[Event "BL2-S9091"]
[Site "Germany"]
[Date "1991.??.??"]
[Round "?"]
[White "Gabriel, Christian"]
[Black "Cabrilo, Goran"]
[Result "1/2-1/2"]
[WhiteElo "2305"]
[BlackElo "2490"]

1.Nf3 Nf6 2.c4 c5 3.Nc3 b6 4.g3 Bb7 5.Bg2 e6 6.O-O Be7 7.d4 cxd4 8.Qxd4 d6
9.b3 O-O 10.Ba3 Na6 11.Rad1 Nc5 12.Nb5 Ne8 13.b4 Ne4 14.Qe3 Qb8 15.Bb2 a6
16.Na3 Qc7 17.Bd4 Bd8 18.h4 e5 19.Bb2 f5 20.Rc1 N8f6 21.c5 bxc5 22.bxc5 Nxc5
23.Bxe5 Ng4 24.Bxd6 Nxe3 25.Bxc7 Nxf1 26.Bd6 Ne4 27.Bxf8 Nfxg3 28.fxg3 Kxf8
29.Nd4 Bb6 30.e3 Bxd4 31.exd4 Rd8 32.Rf1 Nxg3 33.Rf2 Bc8 34.d5 Ke7 35.Rc2 Ne4
36.Rc7+ Bd7 37.Ra7 Kd6 38.Nc4+ Kc5 39.Ne5 Bb5 40.Rxg7 Rxd5 41.Nf3 Rd7 42.Rg8 Kb4
43.Rf8 Nd6 44.Nd4 Ka3 45.Ra8 Kb2 46.a4 Bd3 47.Kf2 Ne4+ 48.Ke3 Nc5 49.Rf8 Re7+
50.Kd2 Be4 51.Bxe4 fxe4 52.a5 e3+ 53.Ke2 Re4 54.Nf5 Nb3 55.Nxe3 Nxa5 56.Rf6 Nc4
57.Kd3 Rxe3+ 58.Kxc4 a5 59.Ra6 Re4+ 60.Kd3 Re5 61.Rh6 Kb3 62.Rxh7 a4 63.h5  1/2-1/2

[Event "Bundesliga 9091"]
[Site "Germany"]
[Date "1991.??.??"]
[Round "?"]
[White "Giemsa, Stephan"]
[Black "Podzielny, Karl Heinz"]
[Result "0-1"]
[WhiteElo "2240"]
[BlackElo "2445"]

1.Nf3 c5 2.c4 Nf6 3.Nc3 e6 4.g3 b6 5.Bg2 Bb7 6.O-O d6 7.Re1 a6 8.e4 Qc7 9.d4 cxd4
10.Nxd4 Nbd7 11.Be3 Rc8 12.Rc1 Qb8 13.b3 Qa8 14.Nd5 h5 15.Bg5 exd5 16.exd5+ Kd8
17.Nc6+ Kc7 18.b4 Re8 19.c5 dxc5 20.d6+ Bxd6 21.Qxd6+ Kxd6 22.Bf4+ Ne5 23.Rcd1+ Nd5
24.Rxd5+ Kxc6 25.Rxc5+ Kd7 26.Bh3+ Re6 27.Rcxe5 Re8 28.Rd1+ Ke7 29.Bxe6 fxe6
30.Bg5+ Kf7 31.Rd7+ Kg8 32.Be3 Bh1  0-1

[Event "Aandalucia-ch"]
[Site "Granada"]
[Date "1991.??.??"]
[Round "7"]
[White "Munoz Moreno, Francisco Javier"]
[Black "Perez Pardo, Juan Carlos"]
[Result "1-0"]
[WhiteElo "2280"]
[BlackElo "2305"]

1.c4 c5 2.Nc3 Nf6 3.Nf3 e6 4.g3 b6 5.Bg2 Bb7 6.O-O Be7 7.d4 cxd4 8.Qxd4 d6
9.Bg5 a6 10.Bxf6 Bxf6 11.Qf4 Qc7 12.Rfd1 Bxf3 13.Qxf3 Ra7 14.Ne4 Be5 15.Qb3 g5
16.Nxg5 Ke7 17.Nf3 Nc6 18.Nxe5 Nxe5 19.Rd4 Qc5 20.Rad1 Rd7 21.Qa4 b5 22.cxb5 axb5
23.Qb4 Rc8 24.h3 Qxb4 25.Rxb4 Rc5 26.f4 Nc4 27.Kf2 Ra7 28.a3 f5 29.e4 Kf6
30.exf5 Kxf5 31.Bf1 d5 32.Bd3+ Kf6 33.g4 h6 34.h4 e5 35.g5+ Kg7 36.fxe5 Nxe5
37.Bxb5 hxg5 38.hxg5 Rf7+ 39.Ke3 Nf3 40.g6 d4+ 41.Rdxd4 Nxd4 42.Kxd4 Rff5
43.Bd3 Rfd5+ 44.Ke3 Rd7 45.a4 Rcd5 46.Be4 Rd1 47.Rc4 Kf6 48.Rc6+ Ke5 49.Rc5+ Kd6
50.Rb5 Re7 51.Rb6+ Ke5 52.Rb5+ Kd6 53.Kf3 Rf1+ 54.Kg2 Ra1 55.Rd5+ Kc7 56.Rd4 Ra2
57.Rb4 Kd6 58.Kf3 Kc5 59.Rb5+ Kd6 60.a5 Ra1 61.Kf4 Rf1+ 62.Bf3 Rc7 63.a6 Ra1
64.Bb7 Rc4+ 65.Kg5 Rg1+ 66.Kf6 Ra4 67.b4 Ra2 68.Rf5 Kc7 69.g7 Rh2 70.Rg5  1-0

[Event "Graz"]
[Site "Graz"]
[Date "1991.??.??"]
[Round "10"]
[White "Hoelzl, Franz"]
[Black "Barbero, Gerardo F"]
[Result "0-1"]
[WhiteElo "2390"]
[BlackElo "2495"]

1.c4 c5 2.Nf3 Nf6 3.Nc3 e6 4.g3 Nc6 5.Bg2 d5 6.cxd5 exd5 7.d4 Be7 8.O-O O-O
9.Be3 Bg4 10.dxc5 Bxf3 11.Bxf3 d4 12.Bxc6 dxe3 13.Bxb7 exf2+ 14.Kg2 Bxc5
15.Ne4 Nxe4 16.Bxe4 Rc8 17.Qxd8 Rfxd8 18.Rfd1 Re8 19.Rac1 g6 20.Bb7 Rc7 21.b4 Rxb7
22.bxc5 Rxe2 23.c6 Rc7 24.Rd7 Rc8 25.c7 Kf8 26.Rd8+ Re8 27.Rxc8 Rxc8 28.Kxf2 Ke7
29.Rc6 Kd7 30.Rf6 Ke7 31.Rc6 f5 32.Kf3 Kd7 33.Ra6 Rxc7 34.Kf4 Kc8 35.Kg5 Kb7
36.Ra4 Kb6 37.Kh6 a5 38.Ra3 Kb5 39.Rb3+ Ka4 40.h4 Rf7 41.Rf3 Kb4 42.Kg5 a4
43.Kh6 a3 44.Kg5 Rc7 45.Rb3+ Ka4 46.Kh6 Rc2 47.Kxh7 Rxa2 48.Rxa3+ Kxa3 49.Kxg6 Kb4
50.h5 Rh2 51.Kxf5 Rxh5+ 52.Kf6 Kc5 53.g4 Rh4 54.g5 Kd6 55.g6 Rf4+ 56.Kg5 Rf1
57.g7 Ke7 58.g8=N+ Ke6 59.Nh6 Ke5 60.Ng4+ Ke4 61.Nf6+ Kd4 62.Ng4 Rf3 63.Nf6 Ke5
64.Ng4+ Ke4 65.Nh2 Rf2 66.Ng4 Rf5+ 67.Kh4 Ra5 68.Kg3 Kf5 69.Ne3+ Ke4 70.Ng4 Rg5
71.Kh4 Kf4 72.Nf2 Rg2 73.Nd3+ Ke4 74.Nc5+ Kf5 75.Nd3 Re2 76.Nc5 Re3 77.Nb7 Rd3
78.Nc5 Rd5 79.Nb3 Ke4 80.Kg4 Ke3 81.Nc1 Kd2  0-1

[Event "Groningen"]
[Site "Groningen"]
[Date "1991.??.??"]
[Round "?"]
[White "Hansen, Curt"]
[Black "Ftacnik, Lubomir"]
[Result "1-0"]
[WhiteElo "2600"]
[BlackElo "2575"]

1.c4 Nf6 2.Nc3 c5 3.Nf3 b6 4.e4 Nc6 5.d4 cxd4 6.Nxd4 Bb7 7.f3 e6 8.Be3 Qb8
9.Qd2 Be7 10.g4 O-O 11.O-O-O Rc8 12.g5 Ne8 13.Nxc6 Bxc6 14.Kb1 a6 15.h4 b5
16.h5 bxc4 17.g6 fxg6 18.hxg6 hxg6 19.Rg1 Bf6 20.Rxg6 Kf7 21.Rg2 d5 22.exd5 exd5
23.Nxd5 c3 24.Qd3 Ba4 25.Qg6+ Kf8 26.Nxf6 c2+ 27.Rxc2 Rxc2 28.Nd7+ Bxd7 29.Qxc2 Be6
30.Qc5+ Kf7 31.Rd7+ Bxd7 32.Bc4+ Be6 33.Qf5+ Ke7 34.Qxe6+ Kd8 35.Bb6+ Nc7
36.Bd5 Ra7 37.Bc6  1-0

[Event "Pan American-chT"]
[Site "Guarapuava"]
[Date "1991.??.??"]
[Round "?"]
[White "Panno, Oscar"]
[Black "Vasquez, Rodrigo"]
[Result "1/2-1/2"]
[WhiteElo "2440"]
[BlackElo "2460"]

1.Nf3 c5 2.c4 Nf6 3.Nc3 b6 4.e4 d6 5.d4 cxd4 6.Nxd4 Bb7 7.Qe2 e6 8.g3 Be7
9.Bg2 a6 10.O-O Qc7 11.Be3 O-O 12.Rac1 Nbd7 13.f4 Rfe8 14.Bf2 Rac8 15.b3 Qb8
16.g4 g6 17.f5 Bf8 18.fxe6 fxe6 19.g5 Nh5 20.Be3 Re7 21.Qg4 Ne5 22.Qh3 Rce8
23.Rcd1 Bg7 24.Nde2 Qc7 25.Bd4 Bc6 26.a4 Rb8 27.Qe3 Bd7 28.Kh1 Ree8 29.Rc1 Rf8
30.Nd1 Bc6 31.Nf2 Rf7 32.Nd3 Nxd3 33.Qxd3 Qe7 34.Rxf7 Qxf7 35.Qe3 Qc7 36.Rd1 Be5
37.Bf3 Ng7 38.Bxe5 dxe5 39.Qd2 a5 40.Nc3 Qe7 41.Qg2 Ne8 42.h4 Nc7  1/2-1/2

[Event "Gyor-J"]
[Site "Gyor"]
[Date "1991.??.??"]
[Round "?"]
[White "Fancsy, Imre"]
[Black "Schroter, Tamas"]
[Result "1-0"]
[WhiteElo "2295"]
[BlackElo "2300"]

1.Nf3 Nf6 2.c4 c5 3.Nc3 e6 4.g3 d5 5.cxd5 exd5 6.d4 Nc6 7.Bg2 Be7 8.O-O O-O
9.Bg5 Be6 10.dxc5 Bxc5 11.Bxf6 Qxf6 12.Nxd5 Qxb2 13.Nc7 Rad8 14.Qc1 Qxc1
15.Raxc1 b6 16.Nxe6 fxe6 17.Bh3 Rfe8 18.Ng5 Nd4 19.Bg4 Rd5 20.h4 h6 21.Ne4 h5
22.Bf3 Re5 23.Rc4 Rc8 24.Kg2 b5 25.Rc3 b4 26.Rc4 a5 27.Rfc1 b3 28.axb3 Nxb3
29.R1c3 Rxe4 30.Bxe4 Rb8 31.Rxc5 Nxc5 32.Rxc5  1-0

[Event "Hajduszoboszlo zt (Women)"]
[Site "Hajduszoboszlo"]
[Date "1991.??.??"]
[Round "4"]
[White "Nutu Gajic, Dana"]
[Black "Jagodzinska, Joanna"]
[Result "1-0"]
[WhiteElo "2295"]
[BlackElo "2225"]

1.Nf3 Nf6 2.c4 c5 3.Nc3 d5 4.cxd5 Nxd5 5.g3 Nc7 6.Bg2 Nc6 7.Qa4 Bd7 8.Qe4 f6
9.d4 cxd4 10.Nxd4 e5 11.Nb3 Be7 12.O-O O-O 13.Rd1 Qc8 14.Be3 Rd8 15.Bc5 Bxc5
16.Nxc5 Be8 17.Rxd8 Nxd8 18.Nd5 Nxd5 19.Qxd5+ Bf7 20.Qd6 Qb8 21.Qe7 Qc8 22.Rd1 Nc6
23.Qxb7 Qxb7 24.Nxb7 Nd4 25.e3 Ne6 26.Rd7 Nf8 27.Rc7 Bxa2 28.b3 Rb8 29.Nc5 Kh8
30.Bd5 a5 31.Ra7 Bb1 32.Rxa5 g6 33.Ra8 Rxa8 34.Bxa8 Bf5 35.b4 Nd7 36.e4 Bh3
37.Nxd7 Bxd7 38.Kf1 Bb5+ 39.Ke1 Kg7 40.Kd2 Kf7 41.Bd5+ Ke7 42.Kc3 Kd6 43.Bc4 Bc6
44.f3 Ba4 45.Bg8 h6 46.Bf7 g5 47.Kc4 Bd1 48.b5 Bxf3 49.Bg6 Be2+ 50.Kb4 Bd3
51.Bf5 Be2 52.Ka5 Kc7 53.Be6 Bd3 54.Bf5 Be2 55.Ka6 Bd3 56.Bg6 Be2 57.Be8 Bf3
58.Bc6 f5 59.Ka7  1-0

[Event "Hamburg SKA"]
[Site "Hamburg"]
[Date "1991.??.??"]
[Round "?"]
[White "Wirthensohn, Heinz"]
[Black "Bischoff, Klaus"]
[Result "1/2-1/2"]
[WhiteElo "2460"]
[BlackElo "2495"]

1.Nf3 e6 2.c4 Nf6 3.Nc3 c5 4.g3 Be7 5.Bg2 a6 6.O-O Qc7 7.b3 O-O 8.Bb2 d6
9.d4 cxd4 10.Qxd4 Nbd7 11.Rfd1 Rd8 12.Ng5 Nf8 13.Na4 Ne8 14.Ne4 Bd7 15.Nb6 Rab8
16.Rac1 f5  1/2-1/2

[Event "Hartberg op"]
[Site "Hartberg"]
[Date "1991.??.??"]
[Round "3"]
[White "Hardicsay, Peter"]
[Black "Alterman, Boris"]
[Result "1/2-1/2"]
[WhiteElo "2360"]
[BlackElo "2465"]

1.c4 Nf6 2.Nc3 c5 3.Nf3 g6 4.d4 cxd4 5.Nxd4 Nc6 6.e4 d6 7.Be2 Nxd4 8.Qxd4 Bg7
9.O-O O-O 10.Qd3 Be6 11.Be3 Qa5 12.Bd4 Rfc8 13.b3 a6 14.f4 b5 15.cxb5 axb5
16.Nxb5 Rab8 17.f5 Bd7 18.a4 Qb4 19.fxg6 hxg6 20.e5 Nh7 21.Qe3 dxe5 22.Bxe5 Bxe5
23.Qxe5 Qxb3 24.Qxe7 Re8 25.Qxd7 Rxe2 26.Nd4 Qe3+ 27.Kh1 Rf2 28.Rxf2 Qxf2
29.Nb5 Qe2 30.h3 Ng5 31.Nd6 Qd2 32.Rf1 Qd5 33.Qg4 Rb3 34.h4 Rh3+ 35.Kg1 Qc5+
36.Rf2 Rc3 37.hxg5 Rc1+ 38.Kh2 Qxf2 39.Ne4  1/2-1/2

[Event "Hastings9192"]
[Site "Hastings"]
[Date "1991.??.??"]
[Round "8"]
[White "Agdestein, Simen"]
[Black "Suetin, Alexey S"]
[Result "1-0"]
[WhiteElo "2590"]
[BlackElo "2405"]

1.c4 c5 2.Nf3 Nf6 3.Nc3 d5 4.cxd5 Nxd5 5.e4 Nb4 6.Bc4 Be6 7.Bxe6 Nd3+ 8.Ke2 Nf4+
9.Kf1 Nxe6 10.b4 g6 11.bxc5 Bg7 12.Ba3 Nc6 13.Rc1 Qd3+ 14.Qe2 O-O-O 15.g3 g5
16.Qxd3 Rxd3 17.Ke2 Rhd8 18.Rhd1 Bxc3 19.dxc3 Rxd1 20.Rxd1 Rxd1 21.Kxd1 g4
22.Nd2 Ne5 23.Ke2 Kd7 24.f4 gxf3+ 25.Nxf3 Nc4 26.Bb4 a5 27.Kd3 Nb2+ 28.Kc2 axb4
29.Ne5+ Kc7 30.Kxb2 bxc3+ 31.Kxc3 Nxc5 32.Nxf7 Nxe4+ 33.Kd4 Nf6 34.h3 Kd7
35.Ke5 b6 36.g4 Ke8 37.Nd6+ Kd7 38.Nf7 Ke8 39.Nd6+ Kd7 40.Nf5 Ne8 41.h4 Nc7
42.Ng7 e6 43.Nh5 Ke7 44.Nf6 Nb5 45.Nxh7 Nc3 46.Ng5 Nxa2 47.Nxe6 Nb4 48.Nd4 Nd3+
49.Kf5 Nb2 50.g5 Nc4 51.h5 Nd6+ 52.Kg6 Nf7 53.h6 Kf8 54.h7 Nh8+ 55.Kf6  1-0

[Event "Helsingborg-A"]
[Site "Helsingborg"]
[Date "1991.??.??"]
[Round "?"]
[White "Eriksson, Magnus"]
[Black "Astrom, Goran"]
[Result "1/2-1/2"]
[WhiteElo "2200"]
[BlackElo "2325"]

1.Nf3 c5 2.c4 Nf6 3.Nc3 e6 4.d4 cxd4 5.Nxd4 Nc6 6.a3 Bc5 7.Nb3 Be7 8.e4 b6
9.Be2 Bb7 10.O-O O-O 11.Be3 d6 12.Nd4 Rc8 13.Nxc6  1/2-1/2

[Event "Helsinki"]
[Site "Helsinki"]
[Date "1991.??.??"]
[Round "?"]
[White "Cramling, Pia"]
[Black "Bellon Lopez, Juan Manuel"]
[Result "1/2-1/2"]
[WhiteElo "2470"]
[BlackElo "2495"]

1.Nf3 Nf6 2.c4 c5 3.Nc3 e6 4.e3 Nc6 5.d4 d5 6.a3 a6 7.dxc5 Bxc5 8.b4 Ba7
9.Bb2 O-O 10.Qc2 Qe7 11.Rd1 Rd8 12.Be2 dxc4 13.Rxd8+ Nxd8 14.Bxc4 Bd7 15.Ne4 Nxe4
16.Qxe4 Rc8 17.Ne5 Be8 18.Bd3 f5 19.Qf3 Bb8 20.O-O Nc6 21.Nxc6 Bxc6  1/2-1/2

[Event "Helsinki op"]
[Site "Helsinki"]
[Date "1991.??.??"]
[Round "?"]
[White "Hakulinen, Esko Matti"]
[Black "Norri, Joose"]
[Result "1/2-1/2"]
[WhiteElo "2310"]
[BlackElo "2325"]

1.Nf3 Nf6 2.c4 g6 3.Nc3 c5 4.d4 cxd4 5.Nxd4 Bg7 6.e4 O-O 7.Be2 Nc6 8.Be3 b6
9.O-O Bb7 10.f3 Rc8 11.Rc1 Nh5 12.Qd2 Nf4 13.Bxf4 Nxd4 14.Be3 Nxe2+ 15.Nxe2 Qc7
16.b3 f5 17.exf5 Rxf5 18.Rcd1 Rd8 19.Bd4 e5 20.Be3 d5 21.Ng3 Rff8 22.cxd5 Rxd5
23.Qe2 Rfd8 24.Rxd5 Rxd5 25.Rd1 Rxd1+ 26.Qxd1 Qc3 27.Kf2 h6 28.Qd2 Qxd2+
29.Bxd2 Kf7 30.Be3 Ke6 31.Ne4 Bf8 32.Bd2 Ba6 33.Ke3 Be7 34.g3 Bf1 35.Kf2 Bd3
36.Bxh6 Ba3 37.Bd2 Bb2 38.Nc3 Bc2 39.Ke2 Kd7 40.Be1 Bc1 41.Bf2 Kc6 42.Be3 Bb2
43.Kd2 Bf5 44.Ne4 Kd5 45.Kd3 Bh3 46.g4 Bf1+ 47.Kd2 Ba3 48.Bg5 Kd4 49.Be3+ Kd5
50.Bg5 Kd4 51.Be3+ Kd5  1/2-1/2

[Event "Helsinki op"]
[Site "Helsinki"]
[Date "1991.??.??"]
[Round "?"]
[White "Hakulinen, Esko Matti"]
[Black "Raaste, Eero J"]
[Result "1/2-1/2"]
[WhiteElo "2310"]
[BlackElo "2370"]

1.Nf3 Nf6 2.c4 c5 3.Nc3 d5 4.cxd5 Nxd5 5.Qa4+ Nc6 6.Ne5 Qc7 7.Nxc6 Nxc3 8.dxc3 Bd7
9.e4 Qxc6 10.Qxc6 Bxc6 11.f3 e6 12.Bf4 Be7 13.Be2 O-O 14.Kf2 Rfd8 15.Rhd1 Kf8
16.Bc7 Rxd1 17.Rxd1 Rc8 18.Be5 f6  1/2-1/2